| 000 -LEADER | |
|---|---|
| fixed length control field | 00402nam a22001697a 4500 |
| 005 - DATE AND TIME OF LATEST TRANSACTION | |
| control field | 20170825172120.0 |
| 008 - FIXED-LENGTH DATA ELEMENTS--GENERAL INFORMATION | |
| fixed length control field | 160628b xxu||||| |||| 00| 0 eng d |
| 020 ## - INTERNATIONAL STANDARD BOOK NUMBER | |
| ISBN | 81-85749-58-2 |
| 041 ## - LANGUAGE CODE | |
| Language code of text/sound track or separate title | eng |
| 082 ## - DEWEY DECIMAL CLASSIFICATION NUMBER | |
| Item number | 11297 |
| 100 ## - MAIN ENTRY--AUTHOR NAME | |
| Personal name | Tarlok Singh |
| 245 ## - TITLE STATEMENT | |
| Title | Basic Electrical Engineering |
| 260 ## - PUBLICATION, DISTRIBUTION, ETC. (IMPRINT) | |
| Name of publisher | Katson Books |
| Year of publication | 2012 |
| 300 ## - PHYSICAL DESCRIPTION | |
| Number of Pages | 361 |
| 650 ## - SUBJECT ADDED ENTRY--TOPICAL TERM | |
| Topical Term | Diploma Engineering |
| 942 ## - ADDED ENTRY ELEMENTS (KOHA) | |
| Koha item type | Books |
| Lost status | Damaged status | Home library | Current library | Shelving location | Date acquired | Cost, normal purchase price | Full call number | Accession Number | Koha item type |
|---|---|---|---|---|---|---|---|---|---|
| JRU Library | SHELF-38-H | 28/06/2016 | 135.00 | 11297 | 11297 | Books | |||
| JRU Library | 28/06/2016 | 135.00 | 11297 | 11298 | Books | ||||
| JRU Library | SHELF-38-H | 28/06/2016 | 135.00 | 11297 | 11299 | Books | |||
| JRU Library | SHELF-38-H | 28/06/2016 | 135.00 | 11297 | 11300 | Books | |||
| JRU Library | WR- 2 B | 28/06/2016 | 135.00 | 621.310 42 | 11301 | Books | |||
| JRU Library | 28/06/2016 | 135.00 | 11297 | 11302 | Books | ||||
| JRU Library | SHELF-38-I | 28/06/2016 | 135.00 | 11297 | 11303 | Books | |||
| JRU Library | WR- 2 B | 28/06/2016 | 135.00 | 621.310 42 | 11304 | Books | |||
| JRU Library | 28/06/2016 | 135.00 | 11297 | 11305 | Books | ||||
| JRU Library | SHELF-38-H | 28/06/2016 | 135.00 | 11297 | 11306 | Books | |||
| JRU Library | SHELF-38-H | 28/06/2016 | 135.00 | 11297 | 11307 | Books | |||
| JRU Library | SHELF-38-I | 28/06/2016 | 135.00 | 11297 | 11308 | Books | |||
| JRU Library | SHELF-38-I | 28/06/2016 | 135.00 | 11297 | 11309 | Books | |||
| JRU Library | SHELF-38-I | 28/06/2016 | 135.00 | 11297 | 11310 | Books | |||
| JRU Library | WR- 2 B | 28/06/2016 | 135.00 | 621.310 42 | 11311 | Books | |||
| JRU Library | 28/06/2016 | 135.00 | 11297 | 11312 | Books | ||||
| JRU Library | SHELF-38-H | 28/06/2016 | 135.00 | 11297 | 11313 | Books | |||
| JRU Library | 28/06/2016 | 135.00 | 11297 | 11314 | Books | ||||
| JRU Library | SHELF-38-H | 28/06/2016 | 135.00 | 11297 | 11315 | Books | |||
| JRU Library | 28/06/2016 | 135.00 | 11297 | 11316 | Books | ||||
| JRU Library | SHELF-38-I | 28/06/2016 | 135.00 | 11297 | 11317 | Books |